[Event "Benidorm op U2300 16th"]
[Site "Benidorm"]
[Date "2017.12.05"]
[Round "5"]
[White "Moreno Ibanez, Miguel"]
[Black "Iolis, Oleg"]
[Result "1-0"]
[WhiteElo "2272"]
[BlackElo "2119"]
[PlyCount "79"]
[EventDate "2017.12.01"]
[EventType "swiss"]
[EventRounds "10"]
[EventCountry "ESP"]
[SourceTitle "EXT 2019"]
[Source "ChessBase"]
[SourceDate "2018.10.10"]
[SourceVersion "1"]
[SourceVersionDate "2018.10.10"]
[SourceQuality "1"]

1. e4 c5 2. Nf3 e6 3. b3 b6 4. Bb2 Bb7 5. d3 Nc6 6. g3 Nf6 7. Bg2 d6 8. 0-0 Be7 9. Nbd2 0-0 10. Re1 Nd7 11. Nf1 Bf6 12. c3 g6 13. Qd2 Nde5 14. Ne3 Nxf3+ 15. Bxf3 Bg7 16. d4 Ne7 17. Bg2 Qc7 18. c4 Rad8 19. d5 Bxb2 20. Qxb2 e5 21. f4 f6 22. Bh3 Bc8 23. Be6+ Bxe6 24. dxe6 exf4 25. Nd5 Nxd5 26. exd5 Qe7 27. gxf4 f5 28. Re3 h6 29. Kh1 Kh7 30. Rg1 Rg8 31. Rh3 b5 32. cxb5 Rdf8 33. Rhg3 Qb7 34. Qg2 Rf6 35. a4 g5 36. fxg5 Rxg5 37. Qf3 Rxg3 38. Rxg3 f4 39. Qe4+ Kh8 40. e7 1-0

[Event "Benidorm op U2300 16th"]
[Site "Benidorm"]
[Date "2017.12.04"]
[Round "4"]
[White "Iolis, Oleg"]
[Black "Gonzalez Laso, Adrian"]
[Result "1-0"]
[WhiteElo "2119"]
[BlackElo "2244"]
[PlyCount "73"]
[EventDate "2017.12.01"]
[EventType "swiss"]
[EventRounds "10"]
[EventCountry "ESP"]
[SourceTitle "EXT 2019"]
[Source "ChessBase"]
[SourceDate "2018.10.10"]
[SourceVersion "1"]
[SourceVersionDate "2018.10.10"]
[SourceQuality "1"]

1. e4 e6 2. d4 d5 3. Nc3 Bb4 4. e5 c5 5. a3 Bxc3+ 6. bxc3 Ne7 7. Qg4 Qc7 8. Qxg7 Rg8 9. Qxh7 cxd4 10. Ne2 Nbc6 11. f4 Bd7 12. Qd3 dxc3 13. Nxc3 a6 14. h4 Nf5 15. Rh3 0-0-0 16. Rb1 Na5 17. h5 Nc4 18. h6 Rg6 19. h7 Rh8 20. Ne4 Bb5 21. Ng5 Nxe5 22. Qc3 Qxc3+ 23. Rxc3+ Nc4 24. Rh3 Nfd6 25. Rbb3 Kd7 26. Rbg3 Rg7 27. Bd3 f6 28. Nf3 Rxg3 29. Rxg3 Ne4 30. Rg7+ Kd6 31. g4 Ba4 32. g5 fxg5 33. Nxg5 Nxg5 34. fxg5 Ne5 35. g6 Nxd3+ 36. cxd3 Rc8 37. Bd2 1-0

[Event "Benidorm op U2300 16th"]
[Site "Benidorm"]
[Date "2017.12.02"]
[Round "2"]
[White "Iolis, Oleg"]
[Black "Lornye, Pylyp"]
[Result "1/2-1/2"]
[WhiteElo "2119"]
[BlackElo "2264"]
[PlyCount "72"]
[EventDate "2017.12.01"]
[EventType "swiss"]
[EventRounds "10"]
[EventCountry "ESP"]
[SourceTitle "EXT 2019"]
[Source "ChessBase"]
[SourceDate "2018.10.10"]
[SourceVersion "1"]
[SourceVersionDate "2018.10.10"]
[SourceQuality "1"]

1. e4 d6 2. d4 Nf6 3. Nc3 g6 4. f4 Bg7 5. Nf3 0-0 6. Bd3 Nc6 7. e5 dxe5 8. fxe5 Ng4 9. Be4 f6 10. Bd5+ Kh8 11. h3 Nh6 12. exf6 exf6 13. 0-0 Nf5 14. Re1 Qd6 15. Qd2 Bd7 16. Qf2 Rae8 17. Rxe8 Rxe8 18. a3 Nd8 19. Bd2 c6 20. Bb3 Ne6 21. Ne2 Ne7 22. Re1 b6 23. Ng3 Nd5 24. Ne4 Qc7 25. Qg3 f5 26. Bxd5 cxd5 27. Qxc7 Nxc7 28. Nf2 Rxe1+ 29. Bxe1 Nb5 30. c3 Nd6 31. Bd2 Ne4 32. Bf4 Bb5 33. g4 fxg4 34. hxg4 Bd7 35. Nxe4 dxe4 36. Ne5 Bxe5 1/2-1/2